| 000 | 02521cam a2200493Ka 4500 | ||
|---|---|---|---|
| 001 | ocn606484059 | ||
| 003 | OCoLC | ||
| 005 | 20120523055110.0 | ||
| 008 | 100411s2001 nyuabf ob 001 0 eng d | ||
| 006 | m d | ||
| 007 | cr bn||||||abp | ||
| 007 | cr bn||||||ada | ||
| 040 |
_aOCLCE _beng _cOCLCE _dOCLCQ |
||
| 020 | _z9780465006410 | ||
| 020 | _z9780465006427 (pbk.) | ||
| 020 | _z0465006418 | ||
| 020 | _z0465006426 (pbk.) | ||
| 035 | _a(OCoLC)606484059 | ||
| 042 | _adlr | ||
| 043 |
_afb----- _af------ |
||
| 050 | 4 |
_aDT352.8 _b.B46 2001 |
|
| 082 | 0 | 4 |
_a960.3/3 _222 |
| 049 | _aTZAA | ||
| 100 | 1 | _aBerkeley, Bill. | |
| 245 | 1 | 4 |
_aThe graves are not yet full _h[electronic resource] : _brace, tribe and power in the heart of Africa / _cBill Berkeley. |
| 246 | 3 | 0 | _aRace, tribe, and power in the heart of Africa |
| 260 |
_aNew York : _bBasic Books, _cc2001. |
||
| 300 |
_a1 online resource (ix, 309 p., [8] p. of plates) : _bill., maps |
||
| 504 | _aIncludes bibliographical references (p. 287-293) and index. | ||
| 505 | 0 | _aA farmer -- The rebel -- The assistant secretary -- "A voice of good sense and good will" -- The collaborator -- Three Ph. D.s and a new kind of African leader -- The defendant. | |
| 520 | _aThe author presents situations and personalities of Africa as he knows them, along with the theory that "Africa's ruinous conflicts are not a product of age-old hatreds but of calculated tyranny."--Jacket. | ||
| 506 |
_3Use copy _fRestrictions unspecified _2star _5MiAaHDL |
||
| 533 |
_aElectronic reproduction. _b[S.l.] : _cHathiTrust Digital Library, _d2010. _5MiAaHDL |
||
| 538 |
_aMaster and use copy. Digital master created according to Benchmark for Faithful Digital Reproductions of Monographs and Serials, Version 1. Digital Library Federation, December 2002. _uhttp://purl.oclc.org/DLF/benchrepro0212 _5MiAaHDL |
||
| 583 | 1 |
_adigitized _c2010 _hHathiTrust Digital Library _lcommitted to preserve _2pda _5MiAaHDL |
|
| 588 | _aDescription based on print version record. | ||
| 650 | 0 |
_aInsurgency _zAfrica, Sub-Saharan. |
|
| 650 | 0 |
_aHeads of state _zAfrica, Sub-Saharan. |
|
| 651 | 0 |
_aAfrica, Sub-Saharan _xPolitics and government _y1960- |
|
| 651 | 0 |
_aAfrica _xPolitics and government _y20th century. |
|
| 776 | 0 | 8 |
_iPrint version: _aBerkeley, Bill. _tGraves are not yet full. _dNew York : Basic Books, c2001 _w(DLC) 2003464862 _w(OCoLC)46565449 |
| 856 | 4 | 0 |
_3HathiTrust Digital Library _uhttp://catalog.hathitrust.org/api/volumes/oclc/46565449.html |
| 994 |
_aC0 _bTZACH |
||
| 999 |
_c1730 _d1730 |
||